Manual de derecho procesal
Saved in:
| Hovedforfatter: | |
|---|---|
| Format: | Bog |
| Sprog: | spansk |
| Udgivet: |
Santiago
Librotecnia
2005
|
| Udgivelse: | 1a. ed |
| Fag: | |
| Tags: |
Tilføj Tag
Ingen Tags, Vær først til at tagge denne postø!
|
MARC
| LEADER | 00000nam a2200000 a 4500 | ||
|---|---|---|---|
| 001 | UCK7055 | ||
| 003 | CL-VaPUC | ||
| 008 | 051028e20050000CL |||||||||||||||||spa|d | ||
| 020 | |a 9567950261 | ||
| 082 | 0 | 4 | |a 347.83 |b ORE |2 21 |
| 100 | |a Orellana Torres, Fernando |e autor |9 570392 | ||
| 245 | 1 | 0 | |a Manual de derecho procesal |
| 250 | |a 1a. ed | ||
| 300 | |a v | ||
| 942 | |c BK | ||
| 945 | |d 20051028 00:00:00 |a jcarroza | ||
| 260 | |a Santiago |b Librotecnia |c 2005 | ||
| 500 | |a v.1: Derecho Procesal Orgánico | ||
| 650 | 0 | |a Derecho procesal |z Chile |9 454338 | |
| 650 | 0 | |a Poder judicial |9 254871 | |
| 650 | 0 | |a Derecho procesal civil |9 258071 | |
| 650 | 0 | |a Jurisprudencia |9 255952 | |
| 583 | |a last modification |c 20051028 00:00:00 |k Rodrigo Vera | ||
| 999 | |c 315148 |d 315146 | ||
| 952 | |0 0 |1 0 |4 0 |6 347_830000000000000_ORE_2005 |7 0 |8 A |9 388107 |a BIBDER |b BIBDER |d 2019-11-22 |h v.1 |i 417934K |l 1 |m 3 |o 347.83 ORE 2005 |p 417934K |q 2025-12-31 |r 2020-03-13 |s 2020-03-13 |w 2019-11-22 |y BK |k DER | ||